00532 2200181 4500001002100000008004100021035002000062245010500082100004300187250000600230260004200236300001200278084001400290082000800304650001400312990001200326990001200338INLIS000000000000632 ind  a0010-0424000608 aKumpulan Soal dan Pembahasan Olimpiade Sains Biologi Jilid 1cLembaga Olimpiade Pendidikan Indonesia aLembaga Olimpiade Pendidikan Indonesia a1 aJakarta :bBina Prestasi Insanic2014 a301 hlm a574 LEM k a574 aNon Fiksi a0722452 a0722453